|
|
|
|
| LEADER |
01037nam a2200289 a 4500 |
| 001 |
7670 |
| 003 |
BD-DhAAL |
| 005 |
20150704114042.0 |
| 008 |
150704s1992 nyu 000 1 eng |
| 010 |
|
|
|a 91023214
|
| 020 |
|
|
|a 0553560441 :
|c $23.95
|
| 040 |
|
|
|a DLC
|c DLC
|d DLC
|d OCoLC
|d DLC
|d BD-DhAAL
|
| 050 |
0 |
0 |
|a PS3562.U26
|b R63 1992
|
| 082 |
0 |
0 |
|a 813/.54
|2 20
|
| 100 |
1 |
|
|a Ludlum, Robert,
|d 1927-2001.
|9 12816
|
| 245 |
1 |
4 |
|a The road to Omaha /
|c Robert Ludlum.
|
| 250 |
|
|
|a 1st ed.
|
| 260 |
|
|
|a New York :
|b Random House,
|c c1992.
|
| 300 |
|
|
|a xi, 570 p. ;
|c 18 cm.
|
| 650 |
|
0 |
|a Indians of North America
|x Legal status, laws, etc.
|x Fiction.
|9 12817
|
| 651 |
|
0 |
|a Omaha (Neb.)
|x Fiction.
|9 12818
|
| 655 |
|
7 |
|a Adventure stories.
|2 gsafd
|9 12783
|
| 655 |
|
7 |
|a Humorous stories.
|2 gsafd
|9 12819
|
| 655 |
|
7 |
|a Legal stories.
|2 gsafd
|9 6258
|
| 942 |
|
|
|2 ddc
|c BK
|
| 999 |
|
|
|c 34930
|d 34930
|
| 952 |
|
|
|0 0
|1 0
|2 ddc
|4 0
|6 813_540000000000000_LUD
|7 0
|9 54686
|a SCL
|b SCL
|c GEN
|d 2015-07-04
|e Gift
|l 1
|m 3
|o 813.54 LUD
|p 3020007670
|r 2017-11-28
|s 2017-09-24
|t 1
|w 2015-07-04
|y BK
|